ACADEMIC language in diverse classrooms promoting content and language learning

Saved in:
Bibliografiske detaljer
Format: Bog
Sprog:engelsk
Udgivet: CORWIN Press 2014
Tags: Tilføj Tag
Ingen Tags, Vær først til at tagge denne postø!

MARC

LEADER 00000nam a22000007a 4500
008 210924b ||||| |||| 00| 0 eng d
020 |a 9781452234809 
245 |a ACADEMIC language in diverse classrooms  |b promoting content and language learning   |c edited by Margo Gottlieb, Gisela Ernst-Slavit  |g xix,189p;ill 
250 |c Margo Gottlieb 
250 |c Ernst-Slavit, Gisela 
260 |b CORWIN Press  |c 2014  |h Thousand Oaks, California  |i 696968  |l LB1631.AC1  |m Language arts - Correlation with content subjects - United States  |m Language arts (Elementary) - Standard- United States  |m English Language -Study and teaching (Elementary) - Foreign Speakers 
500 |a it includes index 
942 |a lcc  |c BK  |e Johnson  |f 24/09/21 
952 |0 0  |1 0  |2 lcc  |4 0  |6 LB1631 A C1  |7 0  |9 3622  |a HOL  |b HOL  |c LP  |d 2021-09-24  |o LB1631.AC1  |p 2021-67358  |r 2021-09-24 00:00:00  |w 2021-09-24  |y BK 
999 |c 1795  |d 1795